Рабочий эталон объемной активности радона - 222 в воде; АНРИ; Аппаратура и новости радиационных измерений; № 3

Podrobná bibliografie
Parent link:АНРИ.— , 2000-
Аппаратура и новости радиационных измерений: научно-информационный журнал/ Доза ; Государственный комитет по санэпиднадзору РФ ; Метрологическая академия РФ
№ 3.— 2005.— С. 41-42
Hlavní autor: Кузнецов С. Ю.
Další autoři: Кузнецов Ю. В., Неволина Н. А.
Jazyk:ruština
Vydáno: 2005
Edice:Измерения
Témata:
Médium: Kapitola
KOHA link:https://koha.lib.tpu.ru/cgi-bin/koha/opac-detail.pl?biblionumber=398624

MARC

LEADER 00000naa2a2200000 4500
001 398624
005 20231101065106.0
035 |a (RuTPU)RU\TPU\prd\38974 
090 |a 398624 
100 |a 20051013a2005 k y0rusy50 ca 
101 0 |a rus 
102 |a RU 
200 1 |a Рабочий эталон объемной активности радона - 222 в воде  |f С. Ю. Кузнецов, Ю. В. Кузнецов, Н. А. Неволина 
225 1 |a Измерения 
461 0 |0 (RuTPU)RU\TPU\prd\1302  |t АНРИ  |d 2000- 
461 |t Аппаратура и новости радиационных измерений  |o научно-информационный журнал  |f Доза ; Государственный комитет по санэпиднадзору РФ ; Метрологическая академия РФ 
463 0 |0 (RuTPU)RU\TPU\prd\38346  |t № 3  |v С. 41-42  |d 2005 
610 1 |a радон-222 
610 1 |a дочерние продукты распада 
610 1 |a рабочие эталоны 
610 1 |a вода 
610 1 |a объемная активность 
700 1 |a Кузнецов  |b С. Ю. 
701 1 |a Кузнецов  |b Ю. В. 
701 1 |a Неволина  |b Н. А. 
801 1 |a RU  |b 63413507  |c 20051013  |g PSBO 
801 2 |a RU  |b 63413507  |c 20120321  |g PSBO 
942 |c BK